A guide to the stages of prayer according to St. Teresa of Jesus and St. John of the Cross. (Record no. 76815)

MARC details
000 -LEADER
campo de control de longitud fija 00432nam a2200145 i 4500
001 - NÚMERO DE CONTROL
campo de control 76815
003 - IDENTIFICADOR DE NÚMERO DE CONTROL
campo de control ES-MaACL
005 - FECHA Y HORA DE LA ÚLTIMA TRANSACCIÓN
campo de control 20230906172953.0
007 - CAMPO FIJO DE DESCRIPCIÓN FÍSICA--INFORMACIÓN GENERAL
campo de control de longitud fija t|
008 - DATOS DE LONGITUD FIJA--INFORMACIÓN GENERAL
campo de control de longitud fija 041005s1971 sp ||||1| eng d
245 02 - MENCIÓN DEL TÍTULO
Título A guide to the stages of prayer according to St. Teresa of Jesus and St. John of the Cross.
260 ## - PUBLICACIÓN, DISTRIBUCIÓN, ETC.
Lugar de publicación, distribución, etc. [Salamanca :
Nombre del editor, distribuidor, etc. s.n.,
Fecha de publicación, distribución, etc. 1971] (
Fabricante Ortega)
300 ## - DESCRIPCIÓN FÍSICA
Extensión 85 p. ;
Dimensiones 18 cm.
852 ## - LOCALIZACIÓN
Ubicación ES-MaACL
Número de control de estantería C-52745
Sublocalización o colección R.82104
Holdings
Estatus retirado Estado de pérdida Estado de daño No para préstamo Biblioteca de origen Biblioteca actual Ubicación en estantería Fecha de adquisición Fuente de adquisición Total de préstamos Signatura topográfica completa Código de barras Visto por última vez Precio de reemplazo Tipo de ítem Koha
        Biblioteca del Ateneo de Madrid Biblioteca del Ateneo de Madrid Depósito 2 17/01/2008     C-52745 1080374 23/02/2023 23/02/2023 Libro impreso